Imágenes del barroco (Record no. 25)

MARC details
000 -CABECERA
campo de control de longitud fija 00690nam a2200217 a 4500
001 - NÚMERO DE CONTROL
campo de control BRCA_25
005 - FECHA Y HORA DE LA ÚLTIMA TRANSACCIÓN
campo de control 20190320202840.0
008 - DATOS DE LONGITUD FIJA--INFORMACIÓN GENERAL
campo de control de longitud fija 241007s1989----sp-a---###---#000-0#spa-#
020 ## - NÚMERO INTERNACIONAL ESTÁNDAR DEL LIBRO
Número Internacional Estándar del Libro 8478440216
050 #4 - SIGNATURA TOPOGRÁFICA DE LA BIBLIOTECA DEL CONGRESO
Número de clasificación N7740
Número de documento/Ítem .P72 1989
100 1# - ENTRADA PRINCIPAL--NOMBRE DE PERSONA
Nombre de persona Praz, Mario
Fechas asociadas al nombre 1896-
9 (RLIN) 118
245 10 - MENCIÓN DE TÍTULO
Título Imágenes del barroco
Resto del título estudios de emblemática
Mención de responsabilidad, etc. Mario Praz ; traducción de José María Parreño.
260 ## - PUBLICACIÓN, DISTRIBUCIÓN, ETC.
Lugar de publicación, distribución, etc. Madrid
Nombre del editor, distribuidor, etc. Siruela
Fecha de publicación, distribución, etc. 1989
300 ## - DESCRIPCIÓN FÍSICA
Extensión 269 p.
Otras características físicas il.
Dimensiones 30 cm.
500 ## - NOTA GENERAL
Nota general Traducción de: Studies in Seventeenth-Century Imagery
500 ## - NOTA GENERAL
Nota general Incluye índice onomástico
504 ## - NOTA DE BIBLIOGRAFÍA, ETC.
Nota de bibliografía, etc. Bibliografía: p. 261-264
650 14 - PUNTO DE ACCESO ADICIONAL DE MATERIA--TÉRMINO DE MATERIA
Término de materia o nombre geográfico como elemento de entrada Divisas
9 (RLIN) 119
650 14 - PUNTO DE ACCESO ADICIONAL DE MATERIA--TÉRMINO DE MATERIA
Término de materia o nombre geográfico como elemento de entrada Emblemas
Subdivisión general Historia
9 (RLIN) 120
942 ## - ELEMENTOS DE PUNTO DE ACCESO ADICIONAL (KOHA)
Fuente del sistema de clasificación o colocación Library of Congress Classification
Tipo de ítem Koha Libros
Holdings
Estado de retiro Estado de pérdida Estado dañado No para préstamo Localización permanente Ubicación/localización actual Fecha de adquisición Total de préstamos Signatura topográfica completa Código de barras Fecha visto por última vez Precio válido a partir de Tipo de ítem Koha
El ejemplar forma parte de la colección y puede ser consultado según las políticas vigentes.       Biblioteca del Museo Franz Mayer (Rogerio Casas-Alatriste) Biblioteca del Museo Franz Mayer (Rogerio Casas-Alatriste) 25/06/2008   N7740 .P72 1989 00020_1 23/03/2019 23/03/2019 Libros